The wonderful story of Henry Sugar : (Record no. 31328)
[ view plain ]
| 000 -LEADER | |
|---|---|
| fixed length control field | 01122cam a2200337 4500 |
| 001 - CONTROL NUMBER | |
| control field | zswift b1075036 |
| 003 - CONTROL NUMBER IDENTIFIER | |
| control field | SIRSI |
| 005 - DATE AND TIME OF LATEST TRANSACTION | |
| control field | 20251205012421.0 |
| 008 - FIXED-LENGTH DATA ELEMENTS--GENERAL INFORMATION | |
| fixed length control field | n |||xx 000 0 eng |
| 010 ## - LIBRARY OF CONGRESS CONTROL NUMBER | |
| LC control number | 08842878 |
| 020 ## - INTERNATIONAL STANDARD BOOK NUMBER | |
| International Standard Book Number | 0808542028 |
| Terms of availability | 15.95/8.68 [Ingram 5/05] |
| 020 ## - INTERNATIONAL STANDARD BOOK NUMBER | |
| International Standard Book Number | 0141304707 |
| Terms of availability | 5.99 (Ing.) pbk. |
| 020 ## - INTERNATIONAL STANDARD BOOK NUMBER | |
| International Standard Book Number | 9780141304700 |
| 020 ## - INTERNATIONAL STANDARD BOOK NUMBER | |
| International Standard Book Number | 9780808542025 |
| 035 ## - SYSTEM CONTROL NUMBER | |
| System control number | (Sirsi) i9780808542025 |
| 035 ## - SYSTEM CONTROL NUMBER | |
| Canceled/invalid control number | NO CTRL |
| 035 ## - SYSTEM CONTROL NUMBER | |
| System control number | (Sirsi) 3276 |
| 040 ## - CATALOGING SOURCE | |
| Transcribing agency | ndc |
| 100 1# - MAIN ENTRY--PERSONAL NAME | |
| Personal name | Dahl, Roald. |
| 245 14 - TITLE STATEMENT | |
| Title | The wonderful story of Henry Sugar : |
| Remainder of title | and six more / |
| Statement of responsibility, etc. | Roald Dahl. |
| 260 ## - PUBLICATION, DISTRIBUTION, ETC. (IMPRINT) | |
| Place of publication, distribution, etc. | New York : |
| Name of publisher, distributor, etc. | Bantam, |
| Date of publication, distribution, etc. | c1977. |
| 300 ## - PHYSICAL DESCRIPTION | |
| Extent | 215 pages ; |
| Dimensions | 20 cm. |
| 336 ## - CONTENT TYPE | |
| Content type term | text |
| Content type code | txt |
| Source | rdacontent. |
| 337 ## - MEDIA TYPE | |
| Media type term | unmediated |
| Media type code | n |
| Source | rdamedia. |
| 338 ## - CARRIER TYPE | |
| Carrier type term | volume |
| Carrier type code | nc |
| Source | rdacarrier. |
| 505 2# - FORMATTED CONTENTS NOTE | |
| Formatted contents note | The boy who talked with animals.--The hitch-hiker.--The Mildenhall treasure.--The swan.--The wonderful story of Henry Sugar.--Lucky break.--A piece of cake. |
| 526 8# - STUDY PROGRAM INFORMATION NOTE | |
| Program name | Accelerated Reader AR |
| Reading level | 5.7 |
| Title point value | 10. |
| 655 #7 - INDEX TERM--GENRE/FORM | |
| Genre/form data or focus term | Short stories |
| Form subdivision | Juvenile fiction. |
| Source of term | lcgft. |
| 907 ## - LOCAL DATA ELEMENT G, LDG (RLIN) | |
| a | .b46922096x |
| 942 ## - ADDED ENTRY ELEMENTS (KOHA) | |
| Source of classification or shelving scheme | Dewey Decimal Classification |
| Koha item type | Libro/Book |
| Withdrawn status | Lost status | Damaged status | Not for loan | Home library | Current library | Date acquired | Total Checkouts | Full call number | Barcode | Checked out | Date last seen | Date checked out | Price effective from | Koha item type |
|---|---|---|---|---|---|---|---|---|---|---|---|---|---|---|
| San Juan Del Sur -- Biblioteca | San Juan Del Sur -- Biblioteca | 05/12/2025 | 1 | JF | 30023512 | 30/12/2025 | 23/12/2025 | 23/12/2025 | 05/12/2025 | Libro/Book |